Célébrités commençant par la lettre K - Statistiques

Statistiques générales
  • Ce quiz a été pris 422 fois
  • Le résultat moyen est 10 sur 16
Statistiques - réponses
Par images Réponse % Correct
Kylian Mbappé
96%
Kev Adams
95%
Keen’V
89%
Kim Kardashian
89%
Kad Mérad
83%
Karim Benzema
81%
Kanye West
78%
Katy Perry
75%
Kate Middleton
64%
Kylie Jenner
62%
Kate Winslet
57%
Kristen Stewart
44%
Kendrick Lamar
34%
Kesha
24%
Kelly Rowland
11%
Koffi Olomide
6%
Aucun quiz correspondant
Distribution des résultats
% des personnes avec chaque résultat
Percentile par nombre de réponses
Votre historique - résultats
Vous n’avez pas pris ce quiz